| 000 | 00912nam a2200277 i 4500 | ||
|---|---|---|---|
| 001 | 15320 | ||
| 003 | ES-MaACL | ||
| 005 | 20251011063049.0 | ||
| 007 | t| | ||
| 008 | 000214s1991 sp ||||0| spa d | ||
| 016 | 7 | _zSIC92001567 | |
| 020 | _a84-206-2681-3 | ||
| 040 |
_aSIC _bspa _cSIC |
||
| 080 | _a33(460)"1900/1950" | ||
| 080 | _a338(460)"1900/1950" | ||
| 100 | 0 |
_aFraile Balbín, Pedro, _d1946- _952106 |
|
| 245 | 1 | 0 |
_aIndustrialización y grupos de presión _b: la economía política de la protección en España, 1900-1950 / _cPedro Fraile Balbín. |
| 260 |
_aMadrid : _bAlianza, _cD.L. 1991. |
||
| 300 |
_a232 p. ; _c20 cm. |
||
| 490 | 1 |
_aAlianza universidad ; _v681 |
|
| 504 | _aBibliogr.: p. 220-32. | ||
| 650 | 1 | 4 |
_aDesarrollo industrial- _zEspaña. _911807 |
| 830 | 0 |
_aAlianza universidad ; _v681 _9177276 |
|
| 852 |
_aES-MaACL _jL-22609 _bR.127958 |
||
| 999 |
_c15320 _d15320 |
||